[Event "69th ch-RUS HL 2016"]
[Site "Kolomna RUS"]
[Date "2016.06.22"]
[Round "1.1"]
[White "Matlakov, Maxim"]
[Black "Gordievsky, Dmitry"]
[Result "1-0"]
[WhiteTitle "GM"]
[BlackTitle "IM"]
[WhiteElo "2691"]
[BlackElo "2523"]
[WhiteFideId "4168003"]
[BlackFideId "24112798"]
[EventDate "2016.06.22"]

1. d4 Nf6 2. c4 g6 3. g3 Bg7 4. Bg2 O-O 5. Nc3 d6 6. Nf3 c5 7. d5 e6 8. O-O exd5
9. cxd5 Re8 10. Bf4 Na6 11. Re1 Bg4 12. h3 Bf5 13. Nd2 Nh5 14. e4 Nxf4 15. gxf4
Bc8 16. Nc4 Bxc3 17. bxc3 b5 18. Nd2 Bd7 19. e5 Bf5 20. Nf1 c4 21. Ne3 Nc5 22.
Nxf5 gxf5 23. Qh5 Nd3 24. Re3 Nxf4 25. Qxf5 dxe5 26. d6 Rb8 27. d7 Re6 28. Rxe5
Rxe5 29. Qxe5 Nd3 30. Qg3+ Kh8 31. Be4 Qg8 32. Bxd3 cxd3 33. Rd1 Rd8 34. Rxd3
Qxg3+ 35. fxg3 Kg7 36. Kf2 Kf6 37. Kf3 Ke7 38. Kg4 Rg8+ 39. Kh5 Kd8 40. Kh6 Rg6+
41. Kxh7 Ra6 42. h4 Ra3 43. Rd5 Rxc3 44. Rxb5 Rxg3 45. Rd5 a5 46. a4 Rg4 47. h5
Rxa4 48. Kg7 Rg4+ 49. Kxf7 a4 50. h6 a3 51. h7 Rh4 52. Kg7 a2 53. Ra5 Rg4+ 54.
Kf6 Rh4 55. Rxa2 1-0

[Event "69th ch-RUS HL 2016"]
[Site "Kolomna RUS"]
[Date "2016.06.22"]
[Round "1.2"]
[White "Gabrielian, Artur"]
[Black "Zvjaginsev, Vadim"]
[Result "1/2-1/2"]
[WhiteTitle "GM"]
[BlackTitle "GM"]
[WhiteElo "2520"]
[BlackElo "2677"]
[WhiteFideId "4131002"]
[BlackFideId "4113403"]
[EventDate "2016.06.22"]

1. e4 e5 2. Nf3 Nf6 3. Nxe5 d6 4. Nf3 Nxe4 5. Nc3 Nf6 6. d4 Be7 7. Bd3 O-O 8.
O-O Re8 9. Re1 Nc6 10. h3 Nb4 11. Bf1 Bf5 12. a3 Nbd5 13. Nxd5 Nxd5 14. c4 Nb6
15. Qb3 Rb8 16. Bf4 Bf8 17. Rac1 h6 18. g4 Be4 19. Nd2 Bg6 20. Rxe8 Qxe8 21. Bg2
Qe6 22. Bg3 Qd7 23. f4 f6 24. g5 hxg5 25. fxg5 fxg5 26. Rf1 Qe6 27. Re1 Qf7 28.
Rf1 Qe6 29. Re1 Qf7 30. Rf1 Qe6 1/2-1/2

[Event "69th ch-RUS HL 2016"]
[Site "Kolomna RUS"]
[Date "2016.06.22"]
[Round "1.4"]
[White "Sviridov, Valery"]
[Black "Fedoseev, Vladimir3"]
[Result "0-1"]
[BlackTitle "GM"]
[WhiteElo "2517"]
[BlackElo "2665"]
[WhiteFideId "4120680"]
[BlackFideId "24130737"]
[EventDate "2016.06.22"]

1. d4 Nf6 2. c4 g6 3. f3 Nh5 4. e4 e5 5. Be3 Bb4+ 6. Nc3 exd4 7. Qxd4 O-O 8.
O-O-O Nc6 9. Qd2 d6 10. g4 Ng7 11. a3 Ba5 12. Qc2 Bb6 13. Bxb6 axb6 14. h4 Ne5
15. Kb1 f5 16. exf5 gxf5 17. g5 f4 18. Qd2 Bf5+ 19. Ka1 Nh5 20. Bh3 Bd3 21. Nge2
Bxc4 22. Nd4 Qe8 23. Ne4 Nxf3 24. Nxf3 Qxe4 25. Bg4 Bf7 26. Qc3 Ng3 27. Rhe1 Ne2
28. Qxc7 Qe3 29. Nd4 Rxa3+ 30. bxa3 Qxa3+ 31. Kb1 Qa2# 0-1

[Event "69th ch-RUS HL 2016"]
[Site "Kolomna RUS"]
[Date "2016.06.22"]
[Round "1.5"]
[White "Sjugirov, Sanan"]
[Black "Novikov, Maxim"]
[Result "1/2-1/2"]
[WhiteTitle "GM"]
[BlackTitle "GM"]
[WhiteElo "2665"]
[BlackElo "2513"]
[WhiteFideId "4189302"]
[BlackFideId "4161289"]
[EventDate "2016.06.22"]

1. Nf3 Nf6 2. d4 c5 3. d5 g6 4. Nc3 d6 5. e4 Bg7 6. Bb5+ Nfd7 7. a4 Na6 8. O-O
O-O 9. Re1 Nc7 10. Bf1 b6 11. Bf4 Bb7 12. Qd2 Ne5 13. Nxe5 dxe5 14. Be3 Qd6 15.
a5 f5 16. f3 Kh8 17. Red1 Bf6 18. Ra3 Rfd8 19. Qe1 f4 20. Bf2 g5 21. h3 h5 22.
Be2 Rg8 23. Rda1 Rab8 24. axb6 axb6 25. Ra7 Bc8 26. Qd1 Rg7 27. Nb1 g4 28. fxg4
hxg4 29. hxg4 Rh7 30. R1a3 f3 31. Rxf3 Bxg4 32. Rfa3 Bxe2 33. Qxe2 Rg8 34. Nd2
Bg5 35. Nc4 Qg6 36. Rg3 Nb5 37. Nxe5 Qf6 38. Qxb5 Qxe5 39. Ra4 Rf8 40. Qe2 Qxb2
41. Be1 Bf6 42. Rh3 Bd4+ 43. Kh1 Qc1 44. Rxh7+ Kxh7 45. Qh5+ Kg7 46. Qg4+ Kh6
47. Qh4+ Kg6 48. Qg4+ Qg5 49. Qxg5+ Kxg5 50. Kh2 Rf1 51. Bg3 Kg4 52. Ra3 c4 53.
Rf3 Bg1+ 54. Kh1 Rc1 55. e5 b5 56. d6 exd6 57. exd6 Bb6+ 58. Kh2 Rxc2 59. Rf4+
Kg5 60. Rf8 Rb2 61. Rb8 Ba5 62. d7 c3 63. Be5 Kg4 64. Ra8 Bb6 65. Rb8 Ba5 66.
Rg8+ Kf5 67. Bxc3 Bc7+ 68. Kg1 Rb1+ 69. Kf2 Rd1 70. Rg7 Ke6 71. Rg5 Rb1 72. Rg7
Rd1 1/2-1/2

[Event "69th ch-RUS HL 2016"]
[Site "Kolomna RUS"]
[Date "2016.06.22"]
[Round "1.6"]
[White "Prizant, Jaroslav"]
[Black "Lysyj, Igor"]
[Result "1/2-1/2"]
[WhiteTitle "IM"]
[BlackTitle "GM"]
[WhiteElo "2511"]
[BlackElo "2663"]
[WhiteFideId "4140664"]
[BlackFideId "4150120"]
[EventDate "2016.06.22"]

1. e4 e5 2. Nf3 Nc6 3. Bb5 Nf6 4. d3 Bc5 5. c3 d5 6. exd5 Qxd5 7. Bc4 Qd6 8. O-O
e4 9. Qe2 O-O 10. dxe4 Bg4 11. Rd1 Qe7 12. Bg5 Bxf3 13. gxf3 h6 14. Bh4 Ne5 15.
f4 Ng6 16. Bg3 Nxe4 17. Nd2 Nxd2 18. Rxd2 Qxe2 19. Rxe2 Ne7 20. f5 Nxf5 21. Re5
Nxg3 22. Rxc5 Ne4 23. Rxc7 Nd6 24. Bd5 Rac8 25. Rd7 Rfd8 26. Rxd8+ Rxd8 27. c4
b6 28. b4 Kf8 29. Kf1 Nf5 30. Rc1 Nd4 31. Bg2 Ne6 32. c5 bxc5 33. bxc5 Ke7 34.
c6 Rc8 35. Rb1 Rc7 36. Rd1 Nd8 37. Re1+ Kd6 38. Rd1+ Ke7 39. Re1+ Kd6 40. Rd1+
Ke7 1/2-1/2

[Event "69th ch-RUS HL 2016"]
[Site "Kolomna RUS"]
[Date "2016.06.22"]
[Round "1.7"]
[White "Rakhmanov, Aleksandr"]
[Black "Vavulin, Maksim"]
[Result "0-1"]
[WhiteTitle "GM"]
[BlackTitle "IM"]
[WhiteElo "2655"]
[BlackElo "2507"]
[WhiteFideId "4173708"]
[BlackFideId "4169530"]
[EventDate "2016.06.22"]

1. d4 Nf6 2. Nf3 e6 3. e3 c5 4. Bd3 d5 5. b3 Nc6 6. Bb2 Be7 7. Nbd2 O-O 8. a3 b6
9. O-O Bb7 10. Qe2 a5 11. Ne5 a4 12. f4 Ne8 13. Rf3 f5 14. g4 Nxe5 15. fxe5 g6
16. h3 Nc7 17. Rff1 Ba6 18. Bxa6 Rxa6 19. Nb1 Qd7 20. Nc3 b5 21. dxc5 Bxc5 22.
b4 Ba7 23. Kh2 Rc6 24. Rad1 Qg7 25. Rf4 g5 26. Rf3 Qxe5+ 27. Kh1 d4 28. Nb1 Qe4
29. Nd2 Rxc2 30. Qg2 Rxb2 31. gxf5 Qh4 32. Rg3 h6 33. fxe6 Nxe6 34. Rg4 Qh5 35.
Qe4 Qxh3+ 36. Kg1 Qxe3+ 0-1

[Event "69th ch-RUS HL 2016"]
[Site "Kolomna RUS"]
[Date "2016.06.22"]
[Round "1.8"]
[White "Yuffa, Daniil"]
[Black "Popov, Ivan RUS"]
[Result "1/2-1/2"]
[WhiteTitle "IM"]
[BlackTitle "GM"]
[WhiteElo "2502"]
[BlackElo "2648"]
[WhiteFideId "24131423"]
[BlackFideId "4170350"]
[EventDate "2016.06.22"]

1. d4 Nf6 2. c4 e6 3. g3 d5 4. Nf3 Be7 5. Bg2 O-O 6. O-O dxc4 7. Ne5 Nc6 8. Bxc6
bxc6 9. Nxc6 Qe8 10. Nxe7+ Qxe7 11. Na3 Rd8 12. Qc2 Ba6 13. Qa4 Rd6 14. Nxc4 Qd7
15. Qxd7 Rxd7 16. b3 Bxc4 17. bxc4 Rxd4 18. Bf4 Rxc4 19. Rfc1 Ra4 20. Bxc7 Nd5
21. a3 Nxc7 22. Rxc7 h5 23. Rd1 Rxa3 24. Rdd7 Rf8 25. Rxa7 Rxa7 26. Rxa7 Rb8 27.
Kg2 g6 28. h4 Kg7 29. e3 Rb2 30. Rc7 Ra2 31. Rb7 Rc2 32. Ra7 Rb2 33. Rc7 Ra2 34.
Rb7 Rc2 35. Ra7 Rb2 36. Rc7 Ra2 37. Rb7 Rc2 38. Ra7 Kf6 39. Kf3 Kg7 40. Kg2 Kf6 1/2-1/2

[Event "69th ch-RUS HL 2016"]
[Site "Kolomna RUS"]
[Date "2016.06.22"]
[Round "1.9"]
[White "Riazantsev, Alexander"]
[Black "Predke, Alexandr"]
[Result "1/2-1/2"]
[WhiteTitle "GM"]
[BlackTitle "GM"]
[WhiteElo "2646"]
[BlackElo "2550"]
[WhiteFideId "4125029"]
[BlackFideId "24107581"]
[EventDate "2016.06.22"]

1. Nf3 Nf6 2. c4 b6 3. d4 e6 4. a3 Ba6 5. Qc2 Bb7 6. Nc3 c5 7. dxc5 bxc5 8. Bf4
d6 9. Rd1 Qb6 10. h3 Be7 11. e3 O-O 12. Be2 Rd8 13. O-O Nbd7 14. Rd2 Nf8 15. b4
cxb4 16. axb4 Bxf3 17. Bxf3 Rac8 18. Na2 a5 19. Rb1 Ng6 20. Bg3 d5 21. c5 Qb5
22. Nc3 Qc6 23. Na4 axb4 24. Nb6 Rb8 25. Bxb8 Rxb8 26. Rc1 Ne5 27. Qb2 Bxc5 28.
Na4 Nxf3+ 29. gxf3 Qxa4 30. Rxc5 Nd7 31. Rc7 Nb6 32. Qd4 Nc4 33. Rd1 b3 34. Rxf7
Kxf7 35. Qf4+ Ke7 36. Qc7+ Kf6 37. Qf4+ Ke7 38. Qc7+ Kf6 39. Qf4+ Ke7 40. Qc7+ 1/2-1/2

[Event "69th ch-RUS HL 2016"]
[Site "Kolomna RUS"]
[Date "2016.06.22"]
[Round "1.10"]
[White "Moiseenko, Vadim"]
[Black "Romanov, Evgeny"]
[Result "0-1"]
[WhiteTitle "IM"]
[BlackTitle "GM"]
[WhiteElo "2497"]
[BlackElo "2642"]
[WhiteFideId "4123700"]
[BlackFideId "4148843"]
[EventDate "2016.06.22"]

1. e4 c5 2. Nf3 e6 3. g3 d5 4. exd5 exd5 5. d4 Nf6 6. Bg2 Be7 7. O-O O-O 8. Nbd2
Nc6 9. dxc5 Bxc5 10. Nb3 Bb6 11. c3 Ne4 12. Nbd4 Bg4 13. Qd3 Re8 14. Bf4 Qf6 15.
a4 h6 16. Nxc6 bxc6 17. a5 Bc5 18. Nd4 Bh5 19. Rac1 Bg6 20. Qd1 Bd6 21. Bxd6
Qxd6 22. c4 dxc4 23. Rxc4 Rad8 24. Qc1 c5 25. Nb3 Qf6 26. f3 Nd6 27. Rf4 Qe5 28.
Nxc5 Nb5 29. Rf2 Nd4 30. Bf1 Bf5 31. Rh4 Rd6 32. b4 g5 33. Rh5 Nxf3+ 34. Rxf3
Bg4 35. Rxh6 Rxh6 36. Rf2 Rd6 37. Qc2 Rd1 38. Qc4 Bh5 39. b5 Qe3 40. Nb3 Bf3 41.
b6 axb6 42. axb6 Bd5 0-1

[Event "69th ch-RUS HL 2016"]
[Site "Kolomna RUS"]
[Date "2016.06.22"]
[Round "1.11"]
[White "Grachev, Boris"]
[Black "Iljiushenok, Ilia"]
[Result "1/2-1/2"]
[WhiteTitle "GM"]
[BlackTitle "IM"]
[WhiteElo "2639"]
[BlackElo "2495"]
[WhiteFideId "4129199"]
[BlackFideId "24105074"]
[EventDate "2016.06.22"]

1. d4 Nf6 2. Nf3 g6 3. Nbd2 Bg7 4. e4 d6 5. Bd3 O-O 6. O-O Nc6 7. c3 e5 8. Re1
exd4 9. cxd4 a5 10. Bf1 Re8 11. h3 a4 12. a3 Bd7 13. Bc4 Re7 14. Ba2 Qe8 15. Bb1
h6 16. Bc2 b5 17. Rb1 g5 18. b4 axb3 19. Rxb3 g4 20. hxg4 Nxg4 21. Nf1 Na5 22.
Rb1 Nc4 23. Rb3 Na5 24. Rb1 Nc4 25. Rb3 1/2-1/2

[Event "69th ch-RUS HL 2016"]
[Site "Kolomna RUS"]
[Date "2016.06.22"]
[Round "1.12"]
[White "Bezgodov, Alexei"]
[Black "Kobalia, Mikhail"]
[Result "1/2-1/2"]
[WhiteTitle "GM"]
[BlackTitle "GM"]
[WhiteElo "2493"]
[BlackElo "2638"]
[WhiteFideId "4105257"]
[BlackFideId "4119150"]
[EventDate "2016.06.22"]

1. e4 c5 2. Nf3 Nc6 3. d4 cxd4 4. Nxd4 Qb6 5. Nb3 Nf6 6. Qe2 d5 7. Nc3 d4 8. Nd5
Qd8 9. c4 dxc3 10. Nxc3 e5 11. Qd3 Be6 12. Qxd8+ Rxd8 13. Bb5 Bb4 14. Bd2 O-O
15. Bxc6 bxc6 16. f3 Nd7 17. Na4 Rb8 18. O-O-O Be7 19. Be3 Rfc8 20. Nbc5 Nxc5
21. Nxc5 Bxa2 22. Rd7 Bxc5 23. Bxc5 Rb5 24. Ba3 Bb3 25. Rxa7 c5 26. Rd7 h6 27.
Kd2 Rb6 28. Ke3 Be6 29. Rd2 Rb3+ 30. Rd3 c4 31. Rc3 Rcb8 32. Rc1 R3b6 33. Ke2 g5
34. Rd1 Kg7 35. Ke3 Kf6 36. g3 Rb3 37. Rd2 Rxc3+ 38. bxc3 Rb1 39. Bb2 h5 40. Ba3
Rh1 41. Bb4 Ra1 42. Rd8 Re1+ 43. Kf2 Rh1 44. Kg2 Rc1 45. Rd2 Kg6 46. h4 gxh4 47.
gxh4 f5 48. exf5+ Bxf5 49. Re2 Rc2 1/2-1/2

[Event "69th ch-RUS HL 2016"]
[Site "Kolomna RUS"]
[Date "2016.06.22"]
[Round "1.13"]
[White "Savchenko, Boris"]
[Black "Goryachkina, Aleksandra"]
[Result "1/2-1/2"]
[WhiteTitle "GM"]
[BlackTitle "WGM"]
[WhiteElo "2633"]
[BlackElo "2486"]
[WhiteFideId "4147332"]
[BlackFideId "4147103"]
[EventDate "2016.06.22"]

1. e4 e5 2. Nf3 Nc6 3. Bb5 Nf6 4. Qe2 Bc5 5. c3 O-O 6. Bxc6 dxc6 7. Nxe5 Re8 8.
f4 Bd6 9. O-O c5 10. d3 Bxe5 11. fxe5 Ng4 12. e6 Bxe6 13. Bf4 f6 14. Nd2 Ne5 15.
Bxe5 fxe5 16. Qe3 Qd6 17. Rf3 Rf8 18. c4 Rxf3 19. Nxf3 h6 20. Rf1 Rd8 21. Ne1 a5
22. Rf2 a4 23. h3 c6 24. Rc2 Kh7 25. Kf1 Rc8 26. Nf3 b5 27. b3 a3 28. Rf2 Rf8
29. Ke2 g5 30. Ke1 b4 31. Kd2 Kg7 32. Qe1 g4 33. hxg4 Bxg4 34. Nh2 h5 35. Rxf8
Kxf8 36. Qe3 Kf7 37. Nf3 Bxf3 38. Qxf3+ Kg6 39. Qf5+ Kh6 40. Ke2 Qd4 41. Qf6+
Kh7 42. Qxc6 Qb2+ 43. Kf3 Qxa2 44. Qd7+ Kh6 45. Qe6+ Kh7 46. Qf5+ Kh6 47. Qf6+
Kh7 48. Qxe5 Qb2 49. Qxh5+ Kg7 50. Qg5+ Kh7 51. Qh5+ 1/2-1/2

[Event "69th ch-RUS HL 2016"]
[Site "Kolomna RUS"]
[Date "2016.06.22"]
[Round "1.14"]
[White "Esipenko, Andrey"]
[Black "Khairullin, Ildar"]
[Result "1-0"]
[WhiteTitle "FM"]
[BlackTitle "GM"]
[WhiteElo "2471"]
[BlackElo "2629"]
[WhiteFideId "24175439"]
[BlackFideId "4151348"]
[EventDate "2016.06.22"]

1. e4 c5 2. Nf3 Nc6 3. d4 cxd4 4. Nxd4 Qb6 5. Nb3 Nf6 6. Nc3 e6 7. Qe2 Bb4 8.
Bd2 O-O 9. a3 Be7 10. O-O-O a6 11. Be3 Qc7 12. g4 b5 13. g5 Ne8 14. f4 b4 15.
axb4 Bxb4 16. Na4 Na5 17. Nbc5 d6 18. Nd3 Rb8 19. Nxb4 Rxb4 20. Nc3 Qb8 21. b3
Qc7 22. Qe1 Rb8 23. h4 Nc6 24. h5 Nb4 25. Kb2 a5 26. Rh2 Ba6 27. Qd2 Bxf1 28.
Rxf1 f5 29. h6 g6 30. exf5 Rxf5 31. Re2 Qc6 32. Ra1 Nc7 33. Qd4 e5 34. fxe5 Rxe5
35. Rxa5 Ne6 36. Qg4 Nc7 37. Rxe5 dxe5 38. Ba7 Nb5 39. Qxb4 1-0

[Event "69th ch-RUS HL 2016"]
[Site "Kolomna RUS"]
[Date "2016.06.22"]
[Round "1.15"]
[White "Alekseev, Evgeny"]
[Black "Gavrilov, Alexei1"]
[Result "1/2-1/2"]
[WhiteTitle "GM"]
[BlackTitle "GM"]
[WhiteElo "2626"]
[BlackElo "2466"]
[WhiteFideId "4138147"]
[BlackFideId "4104358"]
[EventDate "2016.06.22"]

1. e4 e5 2. Nf3 Nc6 3. Bc4 Bc5 4. c3 Nf6 5. d3 a6 6. a4 h6 7. O-O d6 8. Na3 O-O
9. Nc2 Re8 10. b4 Ba7 11. Be3 Be6 12. Bxe6 Rxe6 13. Bxa7 Nxa7 14. Ne3 d5 15. Qc2
c6 16. Rfd1 Qe8 17. d4 dxe4 18. Nxe5 Nc8 19. N5c4 Nd5 20. Qb3 Nce7 21. Ne5 f6
22. N5c4 Qf7 23. b5 Rd8 24. bxa6 bxa6 25. a5 Ng6 26. Nb6 Ngf4 27. Rd2 f5 28. c4
Nxe3 29. Qxe3 Nd3 30. d5 cxd5 31. cxd5 Qf6 32. Rf1 f4 33. Qh3 Ree8 34. Rxd3 exd3
35. Qxd3 f3 36. Qxf3 Qxf3 37. gxf3 Re2 38. Rc1 Ra2 39. Rc5 Kf7 40. Kg2 Rd6 41.
Nc4 Rg6+ 42. Kf1 Ra1+ 43. Ke2 Rgg1 44. Rc7+ Ke8 45. Ke3 Rac1 46. Kd4 Rgd1+ 47.
Ke5 Kd8 48. Rc6 Rc2 49. Rd6+ Kc7 50. Rc6+ Kd8 51. Rd6+ Kc7 52. Rc6+ 1/2-1/2

[Event "69th ch-RUS HL 2016"]
[Site "Kolomna RUS"]
[Date "2016.06.22"]
[Round "1.16"]
[White "Triapishko, Olexandr"]
[Black "Kokarev, Dmitry"]
[Result "0-1"]
[BlackTitle "GM"]
[WhiteElo "2466"]
[BlackElo "2624"]
[WhiteFideId "14122286"]
[BlackFideId "4132181"]
[EventDate "2016.06.22"]

1. e4 c5 2. Nf3 d6 3. d4 cxd4 4. Nxd4 Nf6 5. Nc3 a6 6. Be3 e5 7. Nb3 Be7 8. h3
Be6 9. f4 Nc6 10. Qe2 Rc8 11. g4 O-O 12. g5 Nd7 13. Rg1 exf4 14. Bxf4 Nce5 15.
Rg3 f6 16. O-O-O fxg5 17. Bxe5 Nxe5 18. Nd4 Qd7 19. Nd5 Bd8 20. Kb1 Rf7 21. c3
h6 22. Bg2 Ba5 23. Nf5 Bxf5 24. exf5 Qxf5+ 25. Be4 Qe6 26. Bc2 Kh8 27. a3 Rcf8
28. Qe4 g6 29. h4 g4 30. h5 gxh5 31. Nf4 Qf5 32. Qxf5 Rxf5 33. Bxf5 Rxf5 34. Ng2
Bc7 35. Ne3 Rg5 36. Nd5 Bd8 37. Nf4 h4 38. Re3 Be7 39. c4 Kg8 40. Rb3 Rf5 41.
Ne2 Nxc4 42. Rxb7 Bg5 43. Rd4 Ne5 44. Rxd6 h3 45. Ng3 Rf3 46. Re6 Nf7 47. Rg6+
Kh7 48. Rc6 h2 49. Rc2 Rxg3 50. Rxh2 Rf3 51. Kc2 g3 52. Rg2 h5 53. Kd1 h4 54.
Ke2 Rf6 55. Rg1 Kg6 56. Rf1 Re6+ 57. Kf3 Re3+ 58. Kg2 Ne5 0-1

[Event "69th ch-RUS HL 2016"]
[Site "Kolomna RUS"]
[Date "2016.06.22"]
[Round "1.17"]
[White "Khismatullin, Denis"]
[Black "Cherniaev, Alexander"]
[Result "1-0"]
[WhiteTitle "GM"]
[BlackTitle "GM"]
[WhiteElo "2623"]
[BlackElo "2451"]
[WhiteFideId "4142578"]
[BlackFideId "4117301"]
[EventDate "2016.06.22"]

1. d4 Nf6 2. c4 c6 3. Nc3 d5 4. Nf3 a6 5. c5 Bf5 6. Bf4 Nbd7 7. e3 Ne4 8. Bd3 e6
9. O-O g5 10. Bxe4 dxe4 11. Nxg5 e5 12. Qb3 Bg6 13. Bxe5 Nxe5 14. dxe5 Qxg5 15.
Qxb7 Rd8 16. Qxc6+ Ke7 17. Qb7+ Ke6 18. c6 Qxe5 19. c7 Bd6 20. cxd8=N+ 1-0

[Event "69th ch-RUS HL 2016"]
[Site "Kolomna RUS"]
[Date "2016.06.22"]
[Round "1.18"]
[White "Kozionov, Kirill"]
[Black "Goganov, Aleksey"]
[Result "1/2-1/2"]
[WhiteTitle "IM"]
[BlackTitle "GM"]
[WhiteElo "2440"]
[BlackElo "2620"]
[WhiteFideId "24101729"]
[BlackFideId "24109959"]
[EventDate "2016.06.22"]

1. e4 e5 2. Nf3 Nc6 3. d4 exd4 4. Nxd4 Nf6 5. Nxc6 bxc6 6. Qe2 Bb4+ 7. Bd2 Qe7
8. e5 Nd5 9. c3 Bc5 10. c4 Ba6 11. Nc3 Rb8 12. Qe4 Nxc3 13. Bxc3 Bb4 14. Bd3
Bxc3+ 15. bxc3 d5 16. exd6 cxd6 17. O-O-O Qxe4 18. Bxe4 Kd7 19. Rd4 c5 20. Bf5+
Kc7 21. Re4 Rbe8 22. Rhe1 Rxe4 23. Rxe4 Kd8 24. Rf4 Bb7 25. Bg4 Ke7 26. Bf3 Bc8
27. Bd5 f5 28. Rf3 g5 29. Re3+ Kf6 30. Re2 h5 31. Rb2 Re8 32. Rb8 Bd7 33. Rb7
Be6 34. Kd2 Bxd5 35. cxd5 Re4 36. Rxa7 Rf4 37. Ke3 Ke5 38. Rg7 Re4+ 39. Kd3 c4+
40. Kd2 Rf4 41. Ke3 Re4+ 42. Kd2 Rf4 43. f3 g4 44. Ke3 gxf3 45. g3 Rg4 46. Rh7
Kxd5 47. Rxh5 Ke6 48. Kxf3 Rg8 49. Rh4 d5 50. Ke3 Ke5 51. Rh5 Re8 52. h4 d4+ 53.
cxd4+ Kd5+ 54. Kd2 Kxd4 55. Rxf5 c3+ 56. Kd1 Rb8 57. a4 Rb1+ 58. Kc2 Rb2+ 59.
Kc1 Rg2 60. a5 Kd3 61. Rd5+ Kc4 62. Rd7 Rg1+ 63. Kc2 Rg2+ 64. Kc1 Rg1+ 65. Rd1
Rg2 66. Rd7 Rg1+ 67. Kc2 Rg2+ 68. Kc1 Rg1+ 1/2-1/2

[Event "69th ch-RUS HL 2016"]
[Site "Kolomna RUS"]
[Date "2016.06.22"]
[Round "1.19"]
[White "Demchenko, Anton"]
[Black "Khegay, Dmitriy"]
[Result "0-1"]
[WhiteTitle "GM"]
[BlackTitle "FM"]
[WhiteElo "2611"]
[BlackElo "2434"]
[WhiteFideId "4160258"]
[BlackFideId "24153729"]
[EventDate "2016.06.22"]

1. e4 e6 2. d4 d5 3. Nd2 Be7 4. Bd3 c5 5. dxc5 Nf6 6. Qe2 O-O 7. Ngf3 a5 8. O-O
Na6 9. e5 Nd7 10. c4 Naxc5 11. Bc2 b6 12. b3 Bb7 13. Bb2 Qc7 14. Rfe1 Rfd8 15.
Nd4 Nf8 16. Rad1 Ng6 17. Qg4 a4 18. b4 Ne4 19. cxd5 exd5 20. Nxe4 dxe4 21. Bxe4
Bxe4 22. Qxe4 Bxb4 23. Rc1 Qd7 24. Red1 a3 25. Ba1 Qd5 26. Qxd5 Rxd5 27. Nc2
Rxd1+ 28. Rxd1 Bc5 29. Kf1 Rc8 30. Ne1 Nf4 31. g3 Ne6 32. Nd3 Rd8 33. Ke2 Bd4
34. Ne1 Bxa1 35. Rxa1 Nd4+ 36. Ke3 Nf5+ 37. Ke2 Nd4+ 38. Ke3 Nf5+ 39. Ke4 g6 40.
Nf3 Rc8 41. Kd3 Rd8+ 42. Kc3 Rc8+ 43. Kb3 Rd8 44. Kc3 Rc8+ 45. Kd3 Rd8+ 46. Ke4
Rc8 47. Rd1 b5 48. Ne1 b4 49. Rb1 Rc4+ 50. Kd3 Rd4+ 51. Kc2 Re4 52. Kd2 Ne7 53.
f3 Rd4+ 54. Ke3 Rd8 55. Nd3 Nf5+ 56. Kd2 Nd4 57. Rxb4 Nxf3+ 58. Ke2 Nxh2 59. Ra4
Nf1 60. g4 Nh2 61. Nf2 Re8 62. Rxa3 Rxe5+ 63. Re3 Ra5 64. a3 h5 65. gxh5 gxh5
66. Rg3+ Kf8 67. Rh3 Ng4 68. Nd3 Kg7 69. Nf4 Kh6 70. a4 Nf6 71. Ra3 Ne4 72. Rh3
Rf5 73. Ke3 Nc3 74. Rh4 Ra5 75. Kd2 Nxa4 76. Nxh5 Rxh5 77. Rxa4 Re5 78. Rg4 Kh5
79. Rg1 f5 80. Kd3 f4 81. Kd4 Re8 82. Kd3 Kh4 83. Kd2 Kh3 84. Rg7 f3 85. Rg6 f2
86. Rf6 Kg2 87. Rg6+ Kf1 88. Rf6 Rd8+ 89. Ke3 Ke1 0-1

[Event "69th ch-RUS HL 2016"]
[Site "Kolomna RUS"]
[Date "2016.06.22"]
[Round "1.20"]
[White "Oganian, Miran"]
[Black "Volkov, Sergey"]
[Result "1-0"]
[WhiteTitle "IM"]
[BlackTitle "GM"]
[WhiteElo "2433"]
[BlackElo "2604"]
[WhiteFideId "4122488"]
[BlackFideId "4122763"]
[EventDate "2016.06.22"]

1. d4 d5 2. c4 c6 3. Nf3 Nf6 4. Nc3 a6 5. a4 e6 6. Bg5 a5 7. e3 Na6 8. Be2 Be7
9. O-O O-O 10. Qb3 Re8 11. Rac1 h6 12. Bf4 Nb4 13. Na2 Bd7 14. Ne5 dxc4 15. Nxc4
Nfd5 16. Bg3 b5 17. Ne5 c5 18. dxc5 bxa4 19. Qc4 Bxc5 20. Qxc5 Nxa2 21. Rcd1 Rc8
22. Qa3 Rc2 23. Bd3 Nab4 24. Bxc2 Nxc2 25. Qd3 Ncb4 26. Qe2 f5 27. Nxd7 Qxd7 28.
e4 fxe4 29. Qxe4 Rf8 30. Rfe1 Re8 31. Be5 Re7 32. Bd4 Re8 33. f4 Qb5 34. f5 e5
35. Bxe5 a3 36. bxa3 Nc3 37. Qg4 Rxe5 38. Rd8+ Kf7 39. Qg6+ Ke7 40. Qd6+ 1-0

[Event "69th ch-RUS HL 2016"]
[Site "Kolomna RUS"]
[Date "2016.06.22"]
[Round "1.21"]
[White "Eliseev, Urii"]
[Black "Lobanov, Sergei"]
[Result "1-0"]
[WhiteTitle "GM"]
[WhiteElo "2602"]
[BlackElo "2433"]
[WhiteFideId "24131920"]
[BlackFideId "24183750"]
[EventDate "2016.06.22"]

1. e4 c5 2. Nf3 d6 3. d4 cxd4 4. Nxd4 Nf6 5. Nc3 Nc6 6. Bg5 e6 7. Qd2 a6 8.
O-O-O Bd7 9. f3 b5 10. g4 Be7 11. Nxc6 Bxc6 12. h4 Rc8 13. Bd3 Nd7 14. a3 Nb6
15. Bxe7 Kxe7 16. h5 h6 17. f4 Qc7 18. Rhg1 Be8 19. g5 Kf8 20. Be2 hxg5 21. fxg5
Ke7 22. h6 Qc5 23. hxg7 Rg8 24. g6 f6 25. Qh6 a5 26. e5 Qxe5 27. Rge1 Qc5 28.
Bg4 Bd7 29. Qh3 Qg5+ 30. Kb1 Rxc3 31. bxc3 f5 32. Qh7 1-0

[Event "69th ch-RUS HL 2016"]
[Site "Kolomna RUS"]
[Date "2016.06.22"]
[Round "1.22"]
[White "Sarana, Alexey"]
[Black "Oparin, Grigoriy"]
[Result "1/2-1/2"]
[WhiteTitle "IM"]
[BlackTitle "GM"]
[WhiteElo "2422"]
[BlackElo "2597"]
[WhiteFideId "24133795"]
[BlackFideId "24125890"]
[EventDate "2016.06.22"]

1. d4 Nf6 2. c4 e6 3. Nf3 b6 4. g3 Ba6 5. b3 Bb4+ 6. Bd2 Be7 7. Bg2 d5 8. cxd5
exd5 9. O-O O-O 10. Nc3 Re8 11. Ne5 Bb7 12. Bf4 Na6 13. Rc1 c5 14. Nb5 Ne4 15.
Nd3 Qd7 16. a4 Bf8 17. Qc2 Qe6 18. Be5 f6 19. Bf4 Rec8 20. Be3 Qf7 21. Qb1 Bc6
22. Nf4 Re8 23. Rfd1 Rad8 24. Nc3 Nxc3 25. Rxc3 Bb7 26. h4 Bd6 27. Qf5 cxd4 28.
Bxd4 Bxf4 29. Qxf4 Rxe2 30. Be3 Rb2 31. Bd4 Re2 32. Be3 Rb2 33. Qd4 Qe7 34. a5
bxa5 35. Qxa7 Qb4 36. Rcd3 Ra8 37. Qxb7 Qxb7 38. Bxd5+ Qxd5 39. Rxd5 Nb4 40.
Rd8+ Rxd8 41. Rxd8+ 1/2-1/2

[Event "69th ch-RUS HL 2016"]
[Site "Kolomna RUS"]
[Date "2016.06.22"]
[Round "1.23"]
[White "Timofeev, Artyom"]
[Black "Yanchenko, Roman"]
[Result "1-0"]
[WhiteTitle "GM"]
[BlackTitle "FM"]
[WhiteElo "2586"]
[BlackElo "2414"]
[WhiteFideId "4140419"]
[BlackFideId "4137329"]
[EventDate "2016.06.22"]

1. d4 d5 2. c4 c6 3. Nf3 Nf6 4. Nc3 e6 5. e3 Nbd7 6. Bd3 Bd6 7. O-O O-O 8. e4
dxe4 9. Nxe4 Nxe4 10. Bxe4 h6 11. Bc2 Qc7 12. Qd3 Nf6 13. c5 Bf4 14. Bxf4 Qxf4
15. Ne5 Rd8 16. Rad1 Bd7 17. g3 Qf5 18. Qe2 Qh3 19. f4 b6 20. f5 bxc5 21. dxc5
Be8 22. Rd6 Rxd6 23. cxd6 Rd8 24. Rf4 Qh5 25. Qd3 c5 26. Bd1 Qh3 27. Bf3 Bd7 28.
Qe2 Be8 29. Ng4 Nh5 30. Nxh6+ gxh6 31. Bxh5 Bb5 32. Bxf7+ Kg7 33. Qe5+ 1-0